书目信息 |
| 题名: |
黄河三角洲动植物野外实习教程
|
|
| 作者: | 姚志刚 , 赵丽萍 主编 | |
| 分册: | ||
| 出版信息: | 北京 高等教育出版社 2019重印 |
|
| 页数: | 226页 | |
| 开本: | 26cm | |
| 丛书名: | ||
| 单 册: | ||
| 中图分类: | Q958.525.2 , Q948.525.2 | |
| 科图分类: | ||
| 主题词: | ||
| 电子资源: | ||
| ISBN: | 978-7-04-049785-4 | |
| 000 | 01128nam0 2200301 45 | |
| 001 | 012001000173 | |
| 005 | 20191108094244.68 | |
| 010 | @a978-7-04-049785-4@dCNY32.00 | |
| 099 | @aCAL 012018190514 | |
| 100 | @a20181210d2018 em y0chiy50 ea | |
| 101 | 0 | @achi |
| 102 | @aCN@b110000 | |
| 105 | @aafk a 001yy | |
| 106 | @ar | |
| 200 | 1 | @a黄河三角洲动植物野外实习教程@Ahuang he san jiao zhou dong zhi wu ye wai shi xi jiao cheng@f主编姚志刚, 赵丽萍 |
| 205 | @a第2版 | |
| 210 | @a北京@c高等教育出版社@d2019重印 | |
| 215 | @a226页@c图 (部分彩图)@d26cm | |
| 320 | @a有书目 (第225-226页) 和索引 | |
| 330 | @a本书共四部分,内容包括:黄河三角洲地理位置、生态环境及生物多样性,野外实习准备工作,黄河三角洲地区常见植物观察与识别要点,黄河三角洲地区常见动物观察与识别要点。 | |
| 607 | @a黄河@Ahuang he@x三角洲@x动物学@x教育实习@j教材 | |
| 607 | @a黄河@Ahuang he@x三角洲@x植物学@x教育实习@j教材 | |
| 690 | @aQ958.525.2@v5 | |
| 690 | @aQ948.525.2@v5 | |
| 701 | 0 | @a姚志刚@Ayao zhi gang@4主编 |
| 701 | 0 | @a赵丽萍@Azhao li ping@4主编 |
| 801 | 0 | @aCN@b北京卓展文化@c20191020 |
| 905 | @b1200000-2@dQ958.525.2@e242=2@f3 | |
| 黄河三角洲动植物野外实习教程/主编姚志刚, 赵丽萍.-第2版.-北京:高等教育出版社,2019重印 |
| 226页:图 (部分彩图);26cm |
| ISBN 978-7-04-049785-4:CNY32.00 |
| 本书共四部分,内容包括:黄河三角洲地理位置、生态环境及生物多样性,野外实习准备工作,黄河三角洲地区常见植物观察与识别要点,黄河三角洲地区常见动物观察与识别要点。 |
| ● |
| 相关链接 |
|
|
|
|
正题名:黄河三角洲动植物野外实习教程
索取号:Q958.525.2/242=2
 
预约/预借
| 序号 | 登录号 | 条形码 | 馆藏地/架位号 | 状态 | 备注 |
| 1 | 1200000 | 212000001 | 第二样本阅览室/ [索取号:Q958.525.2/242=2] | 在馆 | |
| 2 | 1200001 | 212000010 | 第三借阅区/ [索取号:Q958.525.2/242=2] | 在馆 | |
| 3 | 1200002 | 212000029 | 第三借阅区/ [索取号:Q958.525.2/242=2] | 在馆 |